El poder de los comienzos: ensayo sobre la autoridad

I tiakina i:
Ngā taipitopito rārangi puna kōrero
Kaituhi matua: Revault d'Allonnes, Myriam (Author)
Hōputu: Pukapuka
Reo:Pāniora
I whakaputaina: Buenos Aires Amorrortú 2008
Putanga:1a. ed
Rangatū:Mutaciones
Ngā marau:
Ngā Tūtohu: Tāpirihia he Tūtohu
Kāore He Tūtohu, Me noho koe te mea tuatahi ki te tūtohu i tēnei pūkete!

MARC

LEADER 00000cam a2200000 a 4500
001 UCD7419
003 CL-VaPUC
008 170326e20080000ag |||||||||||||||||spa|d
020 |a 9789505187218 
082 0 4 |a 320.01  |b REV  |2 21 
100 0 |a Revault d'Allonnes, Myriam  |e author  |9 591422 
245 1 3 |a El poder de los comienzos: ensayo sobre la autoridad 
250 |a 1a. ed 
300 |a 256 p 
942 |c BK 
945 |d 20170326 03:36:00  |a dcastane 
260 |a Buenos Aires  |b Amorrortú  |c 2008 
650 7 |a FILOSOFIA POLITICA  |2 CL-VaPUC  |9 591423 
650 0 |a Autoridad   |9 257105 
583 |a last modification  |c 20170326 03:36:00  |k Rodrigo Vera 
490 0 |a Mutaciones 
999 |c 367454  |d 367452 
952 |0 0  |1 0  |3 erb  |4 0  |6 320_010000000000000_REV_2008  |7 0  |8 A  |9 482328  |a BIBEDU  |b BIBEDU  |i 5367743  |l 1  |o 320.01 REV 2008  |p 5367743  |r 2024-04-10  |s 2024-03-13  |w 2019-11-24  |y BK  |z Catalogado en:20170326  |k FIL